000 00891nam a2200217 i 4500
001 5266
003 ES-MaACL
005 20230909112746.0
007 her
008 900426r19901731sp a |||| | spa d
080 _a616.9
100 1 _aPacheco Ortiz, Félix.
_988136
245 1 0 _aRayos de luz practica
_b: [Microforma] ; con que don Felix Pacheco... desvanece las sombras con que el doctor don Francisco Sanz... intento obscurecer la hypothesis de fiebres del doctor don Martin Martinez... del doctor don Luis Enriquez.
260 _aMadrid :
_bAteneo Cientifico, Literario y Artistico,
_c1990.
300 _a1 carrete de microfilme :
_bnegativo ;
_c16 mm.
500 _aPublicado originalmente: Madrid, Impr. Isabel Nicasia Barbaran, 1731.
650 1 4 _aObras anteriores a 1800.
_915661
852 _aES-MaACL
_jMC-387
_95383
942 _2udc
_cMICROFORMA
999 _c5266
_d5266